Notas sobre la problemática del manejo de los Crocodylia en Colombia con especial referencia a la babilla (Caiman crocodilus) y la factibilidad de su cría en cautividad (Registro nro. 233)

Detalles MARC
000 -CABECERA
Campo de control 00667nam a2200205 a 4500
005 - FECHA Y HORA DE LA ULTIMA TRANSACCION
Campo de control 20180115102349.0
008 - ELEMENTOS DE LONGITUD FIJA—INFORMACION GENERAL
Campo de control 140219b1971 ck ||||| |||| 00| 0 spa d
040 ## - FUENTE DE CATALOGACIÓN
Agencia catalogadora original CO-BoIAVH
Agencia transcriptora CO-BoIAVH
041 ## - IDIOMA
Código de idioma para texto/pista de sonido o título separado Español
044 ## - PAÍS DE PUBLICACIÓN
País de publicación Colombia
090 ## - CLASIFICACIÓN LOCAL
Colección IND-I
Consecutivo 05
100 ## - ASIENTO PRINCIPAL--NOMBRE PERSONAL
Nombre personal Chirivi Gallego, Hernando
9 (RLIN) 7023
245 ## - MENCION DE TITULO
Título Notas sobre la problemática del manejo de los Crocodylia en Colombia con especial referencia a la babilla (Caiman crocodilus) y la factibilidad de su cría en cautividad
260 ## - PUBLICACION, DISTRIBUCION, ETC. (PIE DE IMPRENTA)
Lugar de publicación, distribución, etc. Bogotá
Nombre del editor, distribuidor, etc. Inderena
Fecha de publicación, distribución, etc. 1971
300 ## - DESCRIPCION FISICA
Extensión 163 paginas
650 14 - ASIENTO SECUNDARIO DE MATERIA - TERMINO TEMATICO
Término temático o nombre geográfico como elemento de entrada Cría en cautiverio
9 (RLIN) 7024
650 14 - ASIENTO SECUNDARIO DE MATERIA - TERMINO TEMATICO
Término temático o nombre geográfico como elemento de entrada Inventarios
9 (RLIN) 88849
662 ## - ASIENTO SECUNDARIO DE MATERIA - JERARQUIA DEL NOMBRE DE LUGAR(
País o entidad mayor Colombia
942 ## - ELEMENTOS ADICIONALES (KOHA)
Tipo de ítem Informe Técnico
Sistema de clasificación Local
Existencias
Withdrawn status Lost status Sistema de Clasificación Damaged status No para préstamo Colección Ubicación Permanente Ubicación actual Fecha de adquisición Fuente de adquisición Total Checkouts Número topográfico Inventario / Código de Barras Date last seen Ejemplar Price effective from Forma de adquisición Tipo de material
    Local     Fondo Inderena Bogotá Bogotá 26/12/1997 Inderena   IND-I-05 000300 04/12/2012 Ej. 1 04/12/2012 Traslado Inderena Informe Técnico
    Local     General Bogotá Bogotá 16/05/2001     LB-00213 000301 04/12/2012 Ej. 2 04/12/2012   Informe Técnico